Volatilita akciových trhov počas pandémie COVID-19 bakalárska práca
Saved in:
| Main Author: | |
|---|---|
| Corporate Author: | |
| Other Authors: | |
| Format: | Book |
| Language: | Slovak |
| Published: |
Bratislava
2024
|
| Tags: |
No Tags, Be the first to tag this record!
|
MARC
| LEADER | 00000nbm a2200000 4500 | ||
|---|---|---|---|
| 001 | 0301555 | ||
| 005 | 20250516085403.6 | ||
| 041 | 0 | |a slo | |
| 044 | |a SK | ||
| 245 | 1 | 0 | |a Volatilita akciových trhov počas pandémie COVID-19 |b bakalárska práca |c Richard Kotlárik ; školiteľ: Barbara Čeryová |
| 264 | 1 | |a Bratislava |c 2024 | |
| 300 | |a 47 s. | ||
| 100 | 1 | |a Kotlárik, Richard | |
| 700 | 1 | |a Čeryová, Barbara, 1997- | |
| 710 | 2 | |a Národohospodárska fakulta EU. Katedra bankovníctva a medzinárodných financií | |